[Event "Cappelle Online Blitz op"]
[Site "Europe Echecs INT"]
[Date "2022.01.09"]
[Round "4"]
[White "Batsiashvili, Nino"]
[Black "Cavailles, Evan"]
[Result "1-0"]
[WhiteElo "2491"]
[BlackElo "2101"]
[PlyCount "63"]
[EventDate "2022.01.09"]
[EventType "swiss (blitz)"]
[EventRounds "11"]
[EventCountry "FRA"]
[SourceTitle "EXT 2023"]
[Source "ChessBase"]
[SourceDate "2022.10.05"]
[SourceVersion "1"]
[SourceVersionDate "2022.10.05"]
[SourceQuality "1"]

1. d4 d5 2. c4 c6 3. Nf3 Nf6 4. e3 e6 5. Nbd2 Bd6 6. b3 Nbd7 7. Bb2 Qe7 8. Ne5 0-0 9. Bd3 Bc7 10. 0-0 Nxe5 11. dxe5 Nd7 12. f4 Rd8 13. Rf3 Nf8 14. Rh3 Bb6 15. Bxh7+ Nxh7 16. Qh5 Bxe3+ 17. Kh1 Qc5 18. Qxh7+ Kf8 19. f5 exf5 20. a4 Bxd2 21. cxd5 cxd5 22. Ba3 Bb4 23. Qh8+ Ke7 24. Qh4+ Ke6 25. Bxb4 Qc7 26. Bd6 Qd7 27. Qg5 Qe8 28. Qxg7 Kd7 29. Rh7 b6 30. Rc1 Ba6 31. Rc7+ Ke6 32. Qf6# 1-0

[Event "Europe Echecs Blitz Nov op"]
[Site "Europe Echecs INT"]
[Date "2020.11.08"]
[Round "4"]
[White "Cavailles, Evan"]
[Black "Di Nicolantonio, Lucas"]
[Result "0-1"]
[WhiteElo "2005"]
[BlackElo "2414"]
[PlyCount "84"]
[EventDate "2020.11.08"]
[EventType "swiss (blitz)"]
[EventRounds "11"]
[EventCountry "FRA"]
[SourceTitle "CBM 199 Extra"]
[Source "ChessBase"]
[SourceDate "2021.01.31"]
[SourceVersion "1"]
[SourceVersionDate "2021.01.31"]
[SourceQuality "1"]

1. e4 g6 2. d4 Bg7 3. Nf3 d6 4. Nc3 a6 5. Be2 b5 6. a3 Bb7 7. 0-0 Nd7 8. h3 c5 9. dxc5 Nxc5 10. Bd3 Nf6 11. Qe2 0-0 12. Be3 Nfxe4 13. Nxe4 Nxe4 14. Bd4 Nf6 15. Rfe1 Re8 16. Bc3 e5 17. Nd2 Nd5 18. Ne4 f5 19. Bxb5 axb5 20. Qxb5 Rb8 21. Ng3 Nxc3 22. bxc3 Qc7 23. Qd3 e4 24. Qe2 Bxc3 25. Rab1 Bxe1 26. Rxe1 d5 27. h4 f4 28. Nf1 Qf7 29. Qg4 Qf5 30. Qd1 Rbd8 31. g4 Qe5 32. f3 e3 33. Re2 d4 34. Nh2 Ba6 35. Re1 d3 36. cxd3 Rxd3 37. Qa4 Bb5 38. Qb4 Qc3 39. Qxb5 Qxe1+ 40. Nf1 Qf2+ 41. Kh1 Qxf1+ 42. Kh2 Rd2+ 0-1

[Event "Europe Echecs Blitz Nov op"]
[Site "Europe Echecs INT"]
[Date "2020.11.08"]
[Round "9"]
[White "Travadon, Loic"]
[Black "Cavailles, Evan"]
[Result "1-0"]
[WhiteElo "2421"]
[BlackElo "2005"]
[PlyCount "115"]
[EventDate "2020.11.08"]
[EventType "swiss (blitz)"]
[EventRounds "11"]
[EventCountry "FRA"]
[SourceTitle "CBM 199 Extra"]
[Source "ChessBase"]
[SourceDate "2021.01.31"]
[SourceVersion "1"]
[SourceVersionDate "2021.01.31"]
[SourceQuality "1"]

1. Nf3 c5 2. c4 Nf6 3. b3 Nc6 4. g3 g6 5. Bg2 Bg7 6. Bb2 0-0 7. 0-0 d6 8. Nc3 e6 9. d4 Ne7 10. dxc5 dxc5 11. Qc2 a6 12. Rfd1 Qc7 13. Na4 Nh5 14. e3 Bd7 15. Bxg7 Nxg7 16. Nxc5 Bc6 17. Nd3 Be4 18. Qe2 Rfd8 19. Nf4 Nc6 20. Rxd8+ Rxd8 21. Rd1 Nf5 22. Rxd8+ Qxd8 23. Nd2 Bxg2 24. Kxg2 Qd6 25. Ne4 Qe5 26. Qd3 Kg7 27. Qc3 Qxc3 28. Nxc3 Nd6 29. Nd3 Kf8 30. c5 Nf5 31. g4 Nfe7 32. Kf3 f5 33. h3 Kf7 34. Kf4 h6 35. a3 g5+ 36. Kf3 Kf6 37. b4 Ne5+ 38. Nxe5 Kxe5 39. Ke2 f4 40. Kd3 Ng8 41. Ne4 Kd5 42. exf4 gxf4 43. h4 Ne7 44. h5 Nc6 45. Nf6+ Ke5 46. Nd7+ Kd5 47. Nb6+ Ke5 48. Nc4+ Kd5 49. g5 hxg5 50. h6 Ne7 51. Nb6+ Ke5 52. Nc8 Kf6 53. Nxe7 g4 54. Ke4 g3 55. fxg3 fxg3 56. Kf3 g2 57. Kxg2 e5 58. Kf3 1-0

[Event "FRA-ch U18/14 Online"]
[Site "Europe Echecs INT"]
[Date "2020.07.11"]
[Round "4"]
[White "Briand, Amaury"]
[Black "Cavailles, Evan"]
[Result "0-1"]
[WhiteElo "1929"]
[BlackElo "2018"]
[PlyCount "68"]
[EventDate "2020.07.11"]
[EventType "swiss (blitz)"]
[EventRounds "9"]
[EventCountry "FRA"]
[SourceTitle "EXT 2021"]
[Source "ChessBase"]
[SourceDate "2020.10.23"]
[SourceVersion "1"]
[SourceVersionDate "2020.10.23"]
[SourceQuality "1"]

1. e4 c5 2. Nf3 Nc6 3. d4 cxd4 4. Nxd4 Qb6 5. Nb3 Nf6 6. Nc3 e6 7. Be3 Qc7 8. Bd3 a6 9. 0-0 Be7 10. f4 d6 11. Rf3 Ng4 12. Qe1 Nxe3 13. Qxe3 Bf6 14. Be2 b5 15. Rd1 Bb7 16. Bxb5 0-0 17. Bxc6 Bxc6 18. Nd4 Bb7 19. Rg3 Kh8 20. f5 Rae8 21. Qd3 Qb6 22. Na4 Qb4 23. b3 e5 24. Nf3 Bxe4 25. Qxd6 Qxd6 26. Rxd6 Bxc2 27. Rxa6 Bxf5 28. Nd2 e4 29. Nc4 Bd4+ 30. Kf1 e3 31. Nab6 Bd3+ 32. Ke1 Bc3+ 33. Kd1 e2+ 34. Kc1 e1Q# 0-1

[Event "FRA-ch U18/14 Online"]
[Site "Europe Echecs INT"]
[Date "2020.07.11"]
[Round "2"]
[White "Dalaud, Dorian"]
[Black "Cavailles, Evan"]
[Result "1/2-1/2"]
[WhiteElo "2242"]
[BlackElo "2018"]
[PlyCount "98"]
[EventDate "2020.07.11"]
[EventType "swiss (blitz)"]
[EventRounds "9"]
[EventCountry "FRA"]
[SourceTitle "EXT 2021"]
[Source "ChessBase"]
[SourceDate "2020.10.23"]
[SourceVersion "1"]
[SourceVersionDate "2020.10.23"]
[SourceQuality "1"]

1. c4 e5 2. Nc3 Nf6 3. Nf3 Nc6 4. e4 Bb4 5. d3 0-0 6. a3 Bxc3+ 7. bxc3 d6 8. g3 Be6 9. Bg2 Qc8 10. 0-0 Bh3 11. Rb1 Bxg2 12. Kxg2 b6 13. Bg5 Nd7 14. Qa4 Nd8 15. Bxd8 Qxd8 16. Qc6 Rc8 17. d4 Qe7 18. a4 a5 19. Rb5 Rfe8 20. dxe5 Nxe5 21. Nxe5 dxe5 22. Rd1 Rcd8 23. Rbd5 Rxd5 24. Rxd5 Rd8 25. h4 g6 26. c5 Rxd5 27. exd5 Qxc5 28. Qe8+ Qf8 29. Qxe5 Qd8 30. Kf3 h5 31. Ke4 Qd7 32. c4 Qg4+ 33. Kd3 Qd1+ 34. Ke4 Qe2+ 35. Kd4 Qb2+ 36. Ke4 Qe2+ 37. Kd4 Qxf2+ 38. Kc3 Qf3+ 39. Kd4 Qd1+ 40. Ke3 Qe1+ 41. Kf4 Qf1+ 42. Kg5 Qc1+ 43. Kf6 Qf1+ 44. Ke7 Qxc4 45. Kd7 Qc5 46. Qe8+ Kg7 47. Qe5+ Kg8 48. Qe8+ Kg7 49. Qe5+ Kg8 1/2-1/2

[Event "FRA-ch Blitz Online Qual"]
[Site "Europe Echecs INT"]
[Date "2020.05.16"]
[Round "5"]
[White "Cavailles, Evan"]
[Black "Zachary, Matheo"]
[Result "0-1"]
[WhiteElo "2018"]
[BlackElo "2334"]
[PlyCount "128"]
[EventDate "2020.05.16"]
[EventType "swiss (blitz)"]
[EventRounds "15"]
[EventCountry "FRA"]
[SourceTitle "CBM 196 Extra"]
[Source "ChessBase"]
[SourceDate "2020.07.31"]
[SourceVersion "1"]
[SourceVersionDate "2020.07.31"]
[SourceQuality "1"]

1. e4 c5 2. Nf3 Nc6 3. d4 cxd4 4. Nxd4 e5 5. Nb5 d6 6. N1c3 a6 7. Na3 b5 8. Nd5 Nge7 9. c4 Nd4 10. Nc2 Nxd5 11. cxd5 Bg4 12. Qd3 Nxc2+ 13. Qxc2 Rc8 14. Qd3 Be7 15. h3 Bd7 16. Be3 0-0 17. Be2 f5 18. Bf3 f4 19. Bd2 Qe8 20. 0-0 Qg6 21. Kh2 Bd8 22. Rac1 Bb6 23. Qe2 Bd4 24. Bc3 Bxc3 25. Rxc3 Rxc3 26. bxc3 Rc8 27. Rc1 Rc4 28. Qd1 Qe8 29. Qd3 Qc8 30. Be2 Be8 31. Qf3 Rc5 32. Qd3 Bg6 33. f3 Be8 34. c4 bxc4 35. Rxc4 Bb5 36. Rxc5 Qxc5 37. Qd2 Qf2 38. Qa5 Qxe2 39. Qd8+ Kf7 40. Qc7+ Ke8 41. Qb8+ Ke7 42. Qa7+ Bd7 43. Qb8 Qf2 44. Qg8 Qg3+ 45. Kh1 Qg6 46. Qa8 Qe8 47. Qxa6 Qc8 48. Qa5 g5 49. a3 h5 50. Qe1 Qa6 51. Qc1 Qa7 52. Qb2 g4 53. hxg4 hxg4 54. fxg4 Bxg4 55. Qc1 Qf2 56. Qc7+ Bd7 57. Qa5 f3 58. gxf3 Qxf3+ 59. Kh2 Qxe4 60. Qd2 Qf4+ 61. Qxf4 exf4 62. Kg2 Kf6 63. Kf3 Ke5 64. a4 Bxa4 0-1

[Event "FRA-ch Blitz Online Qual"]
[Site "Europe Echecs INT"]
[Date "2020.05.16"]
[Round "10"]
[White "Dumas, Charles"]
[Black "Cavailles, Evan"]
[Result "1-0"]
[WhiteElo "2284"]
[BlackElo "2018"]
[PlyCount "89"]
[EventDate "2020.05.16"]
[EventType "swiss (blitz)"]
[EventRounds "15"]
[EventCountry "FRA"]
[SourceTitle "CBM 196 Extra"]
[Source "ChessBase"]
[SourceDate "2020.07.31"]
[SourceVersion "1"]
[SourceVersionDate "2020.07.31"]
[SourceQuality "1"]

1. e4 c5 2. Nf3 Nc6 3. Bb5 e6 4. 0-0 Nge7 5. Re1 a6 6. Bf1 d5 7. d3 dxe4 8. dxe4 Qxd1 9. Rxd1 Ng6 10. a4 b6 11. Nbd2 Be7 12. Nc4 Rb8 13. Nd6+ Bxd6 14. Rxd6 Bb7 15. Be3 Nb4 16. Rxb6 Nxc2 17. Rc1 Nxe3 18. Bxa6 0-0 19. Bxb7 Ng4 20. a5 Ne7 21. h3 Nf6 22. a6 Nc8 23. Rb3 Nxe4 24. Ra3 Ned6 25. Bc6 Na7 26. Rxc5 Nxc6 27. Rxc6 Nb5 28. Ra5 Na7 29. Rc7 Nb5 30. Re7 Nd6 31. a7 Ra8 32. Rc7 Ne4 33. b4 Nf6 34. b5 Nd5 35. Rb7 Rfc8 36. b6 Kf8 37. Ne5 Ke8 38. Nxf7 Rc1+ 39. Kh2 Rcc8 40. Nd6+ Kd8 41. Nf7+ Ke8 42. Nd6+ Kd8 43. Nxc8 Kxc8 44. Rxg7 Nxb6 45. Rxh7 1-0

[Event "Espalion op 2nd"]
[Site "Espalion"]
[Date "2017.07.15"]
[Round "1"]
[White "Cornette, Matthieu"]
[Black "Cavailles, Evan"]
[Result "1-0"]
[WhiteElo "2606"]
[BlackElo "1806"]
[PlyCount "87"]
[EventDate "2017.07.15"]
[EventType "swiss"]
[EventRounds "9"]
[EventCountry "FRA"]
[SourceTitle "CBM 179 Extra"]
[Source "ChessBase"]
[SourceDate "2017.08.23"]
[SourceVersion "1"]
[SourceVersionDate "2017.08.23"]
[SourceQuality "1"]

1. e4 c5 2. Nc3 Nc6 3. Bb5 e6 4. Bxc6 bxc6 5. d3 Nf6 6. f4 d5 7. e5 Nd7 8. Nf3 Be7 9. 0-0 Qc7 10. Qe1 Nb6 11. Ne2 Ba6 12. b3 Nd7 13. c4 f5 14. exf6 Bxf6 15. Nc3 0-0-0 16. Bb2 Rhe8 17. Na4 Bxb2 18. Nxb2 e5 19. fxe5 Nxe5 20. Nxe5 Qxe5 21. Qxe5 Rxe5 22. Na4 d4 23. Rae1 Rde8 24. Rxe5 Rxe5 25. Rf7 Rg5 26. h4 Rh5 27. Rxg7 Kb8 28. g3 Bc8 29. Kg2 Be6 30. Kf3 Bc8 31. Kf4 Rf5+ 32. Ke4 Rf2 33. Nxc5 Bf5+ 34. Kxd4 Rxa2 35. g4 Bc8 36. g5 Bf5 37. Ke5 Bg6 38. Kd6 Re2 39. Na6+ Kc8 40. Rxa7 Bxd3 41. Nc5 Kb8 42. Re7 Rxe7 43. Kxe7 Bc2 44. Kd6 1-0

[Event "FRA-ch U12"]
[Site "Belfort"]
[Date "2017.04.20"]
[Round "6.4"]
[White "Cavailles, Evan"]
[Black "Maugenest, Ghislain"]
[Result "1/2-1/2"]
[WhiteElo "1694"]
[BlackElo "1915"]
[PlyCount "107"]
[EventDate "2017.04.16"]
[EventType "swiss"]
[EventRounds "9"]
[EventCountry "FRA"]
[SourceTitle "EXT 2019"]
[Source "ChessBase"]
[SourceDate "2018.10.10"]
[SourceVersion "1"]
[SourceVersionDate "2018.10.10"]
[SourceQuality "1"]

1. e4 e6 2. d4 d5 3. Nd2 Nf6 4. e5 Nfd7 5. Bd3 c5 6. c3 Nc6 7. Ne2 cxd4 8. cxd4 f6 9. exf6 Nxf6 10. 0-0 Bd6 11. Nf3 Qc7 12. Bg5 0-0 13. Bh4 Nh5 14. Qc2 h6 15. Bh7+ Kh8 16. Bg6 Rxf3 17. Bxh5 Rf8 18. Bg3 Bxg3 19. hxg3 Qb6 20. Qd2 Bd7 21. Rad1 Rac8 22. Nf4 Rf6 23. Rfe1 Ne7 24. Rc1 Rxc1 25. Rxc1 Nc6 26. Rd1 Kg8 27. Bg4 Qc7 28. Re1 Qd6 29. a3 g5 30. Ne2 b6 31. Nc3 Na5 32. Be2 Be8 33. b4 Nc6 34. Bf3 Bg6 35. Be2 Bf7 36. Bb5 Ne7 37. Nd1 Nf5 38. Ne3 Nxe3 39. Qxe3 Bg6 40. Qe5 Qxe5 41. Rxe5 Kf7 42. Re1 Bf5 43. Rc1 Kg7 44. Rc7+ Rf7 45. Rxf7+ Kxf7 46. Kf1 Kf6 47. f4 Be4 48. Kf2 Kf5 49. fxg5 Kxg5 50. Be2 Kf5 51. Bf3 Bc2 52. Ke3 Bb3 53. g4+ Kg5 54. g3 1/2-1/2